| 000 | 00450nam a2200169Ia 4500 | ||
|---|---|---|---|
| 003 | LK-CoDNM | ||
| 008 | 010623t1979 xxu||||| |||| 00| 1 sin d | ||
| 040 |
_aLK-CoDNM _dLK-CoDNM _eLK-CoDNM |
||
| 041 | _asin | ||
| 080 | _aX 32 | ||
| 100 | _aGamlath,Sucharitha | ||
| 245 | _aමොස්කවි නුවර අවනඬු | ||
| 246 | _aMoscow Nuwara Awanadu | ||
| 260 |
_bS.Godage _aColombo 10 _c1979 |
||
| 300 | _b180p.;21 cm cm | ||
| 942 | _cBK | ||
| 999 |
_c111027 _d111027 |
||